| 000 | 01772nac a22003371u 4500 | ||
|---|---|---|---|
| 090 | _c6435 | ||
| 008 | 081222t xxu||||| |||| 00| 0 eng d | ||
| 010 | _a 2005050520 | ||
| 020 | _a0072979232 (alk. paper) | ||
| 020 | _a0073214876 (text w/CD-ROM) | ||
| 035 | _a(OCoLC)ocm60557595 | ||
| 082 | 0 | 0 |
_a658.0072 _bCOO |
| 100 | _aCooper, Donald R. | ||
| 245 | 1 | 0 |
_aBusiness research methods / _cDonald R. Cooper, Pamela S. Schindler. |
| 250 | _a9th ed. | ||
| 260 |
_aBoston : _bMcGraw-Hill Irwin, _cc2006. |
||
| 300 |
_axxi, 744 p. : _bill. ; _c29 cm. + _e1 CD-ROM (4 3/4 in.) |
||
| 440 | 4 |
_aThe McGraw-Hill/Irwin series. _pOperations and decision sciences |
|
| 500 | _adistributer: Al-Ahram | ||
| 504 | _aIncludes bibliographical references (p. 682-704) and indexes. | ||
| 511 | _acatalogued by: wessam | ||
| 538 | _aSystem requirements: PV w/Pentium based processor; Microsoft Windows 98/2000/XP; Microsoft Windows Internet Explorer 5.5 as default browser, Microsoft Office or equivalent. | ||
| 650 | 0 |
_aIndustrial management _xResearch. |
|
| 700 | 1 | _aSchindler, Pamela S. | |
| 856 | 4 | 2 |
_3Publisher description _uhttp://www.loc.gov/catdir/enhancements/fy0665/2005050520-d.html |
| 856 | 4 | 2 |
_3Table of contents only _uhttp://www.loc.gov/catdir/enhancements/fy0665/2005050520-t.html |
| 856 | 4 | 2 |
_3Contributor biographical information _uhttp://www.loc.gov/catdir/enhancements/fy0737/2005050520-b.html |
| 942 |
_cBB _k658.0072COO _2ddc |
||
| 999 |
_c6435 _d6435 |
||